000 00893cab a2200265 4500
001 WB3410-31
008 090401t1998 xxu||||| |||| 00| 0 eng d
035 _a(Sirsi) u84844
041 _aeng
245 _aWasted London sites
260 _c1998
350 _a0
490 _aEvening Standard
_v`Homes & Property`, 11 March 1998, 2(1)
520 _aThe London Planning Advisory Committee (LPAC) criticises planners for not doing enough to monitor and anticipate sources of redundant sites or making efficient use of former industrial or commercial sites for residential development.
650 _aBROWNFIELD SITES
650 _aINDUSTRIAL SITES
650 _aLONDON PLANNING ADVISORY COMMITTEE
650 _aLONDON
650 _aLPAC
650 _aRESIDENTIAL DEVELOPMENT
650 _aWINDFALL SITES
690 _aHOUSING-DEVELOPMENT
942 _n0
948 _c12/03/1998
999 _c53353
_d53353